Statistiques concernant Pays du méridien oriental à 60 degrés

Cliquez ici pour prendre le quiz!

Statistiques générales

  • Ce quiz a été pris 28 fois
  • Le résultat moyen est 16 sur 20

Statistiques - réponses

degréspays% Correct
8.19°Inde
96%
0.51°Afghanistan
92%
Kazakhstan
92%
0.87°Pakistan
92%
Russie
92%
Iran
88%
Turkménistan
88%
4.33°Arabie Saoudite
85%
11.43°Irak
85%
Ouzbékistan
85%
3.62°Émirats arabes unis
81%
5.49°Yémen
77%
0.21°Oman
73%
8.38°Qatar
73%
4.06°Seychelles
73%
9.66°Azerbaïdjan
69%
9.18°Bahreïn
69%
9.52°Madagascar
69%
2.15°Île Maurice
65%
8.59°Somalie
62%

Distribution des résultats

Percentile par nombre de réponses

% des personnes avec chaque résultat

Votre développement - résultats

Vous n’avez pas pris ce quiz